[Event "Tourn. n9106"]
[Site "www.chess-mail.com"]
[Date "2017.01.28"]
[Round "1"]
[White "Lachouette"]
[Black "Redabond"]
[WhiteElo "1670"]
[BlackElo "1680"]
[Result "0-1"]
[Round "1"]
1.e4 e5
2.f4 Nb8c6
3.f5 Ng8f6
4.d3 Bf8c5
5.Ng1f3 O-O
6.Bc1g5 h6
7.Bg5xf6 Qd8xf6
8.Nb1c3 d6
9.Nc3d5 Qf6d8
10.h3 f6
11.g4 b6
12.c4 Nc6b4
13.Nd5xb4 Bc5xb4
14.Nf3d2 a5
15.a3 Bb4c5
16.b4 axb4
17.axb4 Bc5xb4
18.Ra1xa8 Qd8e7
19.Qd1b3 Bb4c5
20.Qb3b5 Bc8d7
21.Ra8xf8 Kxf8
22.Qb5a6 Qe7d8
23.Bf1e2 Bc5b4
24.Qa6a2 Qd8b8
25.Kf2 Bb4c5
26.Kg3 Bc5e3
27.Nd2f3 Be3f4
28.Kg2 b5
29.c5 b4
30.Rh1b1 dxc5
31.Qa2d5 Qb8b6
32.Qd5xd7 Kg8
33.Qd7d5 Kh7
34.Rb1a1 b3
35.Ra1a8 h5
36.g5 fxg5
 { time }
0-1

[Event "Tourn. n9191"]
[Site "www.chess-mail.com"]
[Date "2017.01.28"]
[Round "1"]
[White "Balbyns"]
[Black "Azulmarino"]
[WhiteElo "1519"]
[BlackElo "1460"]
[Result "1-0"]
[Round "1"]
1.e4 d5
2.exd5 Qd8xd5
3.Nb1c3 Qd5d4
4.Ng1f3 Qd4d8
5.d4 Bc8g4
6.Bf1b5 c6
7.Bb5c4 Ng8f6
8.O-O e6
9.a3 Bf8d6
10.Rf1e1 Nb8d7
11.Qd1d3 Bg4f5
12.Qd3xf5 g6
13.Qf5d3 Nf6g4
14.h3 Ng4f6
15.d5 cxd5
16.Nc3xd5 Nd7c5
17.Nd5xf6 Qd8xf6
18.Qd3xd6 Nc5d7
19.Bc1g5 Ra8d8
20.Bg5xf6 Nd7xf6
21.Bc4b5 { resign }
1-0

[Event "Tourn. n9198"]
[Site "www.chess-mail.com"]
[Date "2017.01.28"]
[Round "1"]
[White "Bojan"]
[Black "Ssharp"]
[WhiteElo "2040"]
[BlackElo "2170"]
[Result "0-1"]
[Round "1"]
1.e4 e5
2.Ng1f3 Ng8f6
3.Nf3xe5 d6
4.Ne5f3 Nf6xe4
5.Bf1c4 d5
6.Bc4b3 Bf8e7
7.d3 Ne4f6
8.Qd1e2 O-O
9.Bc1e3 Bc8g4
10.Qe2d2 Bg4xf3
11.gxf3 Nb8d7
12.Rh1g1 Rf8e8
13.d4 c6
14.Qd2d3 Qd8c7
15.Nb1d2 c5
16.Qd3c3 Ra8c8
17.dxc5 Nd7xc5
18.Bb3xd5 Qc7xh2
19.O-O-O b6
20.Nd2b3 Nc5e6
21.Qc3e1 Nf6xd5
22.Rd1xd5 Qh2c7
23.Qe1d2 Qc7c6
24.Rd5d3 Be7f6
25.f4 Qc6a4
26.Kb1 Qa4c6
27.f5 Ne6c5
28.Rd3d6 Nc5e4
29.Rd6xc6 Ne4xd2
30.Nb3xd2 Rc8xc6
31.c3 Re8e5
32.Rg1d1 Kf8
33.Nd2f3 Re5xf5
34.Nf3d4 Bf6xd4
35.Be3xd4 h5
36.Rd1h1 Rc6h6
37.Bd4e3 Rh6h7
38.Kc2 g5
39.Kd2 h4
40.Ke2 g4
41.b4 h3
42.Rh1h2 Rf5f3
43.c4 f5
44.a4 f4
45.Be3d2 Rh7f7
46.Bd2e1 Rf7e7
47.Kf1 Rf3a3
48.a5 f3
{ resign }
0-1

[Event "Tourn. n9067"]
[Site "www.chess-mail.com"]
[Date "2017.01.28"]
[Round "1"]
[White "Ozana"]
[Black "Comrade"]
[WhiteElo "2010"]
[BlackElo "2260"]
[Result "1-0"]
[Round "1"]
1.e4 c5
2.c3 d6
3.d4 cxd4
4.cxd4 Ng8f6
5.Nb1c3 e6
6.Ng1f3 Nb8c6
7.Bf1c4 Bf8e7
8.O-O h6
9.h3 O-O
10.Bc1e3 a6
11.d5 exd5
12.Bc4xd5 Nf6xd5
13.Nc3xd5 b5
14.Ra1c1 Bc8b7
15.Be3b6 Qd8d7
16.Nf3d4 Ra8c8
17.Nd4f5 Be7d8
18.Qd1g4 Qd7xf5
19.Qg4xf5 Nc6d4
20.Bb6xd4 Rc8xc1
21.Rf1xc1 Bb7xd5
22.Qf5xd5 { resign }
1-0

[Event "Tourn. n9051"]
[Site "www.chess-mail.com"]
[Date "2017.01.28"]
[Round "1"]
[White "Hundegana"]
[Black "Fabos12"]
[WhiteElo "2000"]
[BlackElo "2070"]
[Result "1-0"]
[Round "1"]
1.d4 d5
2.f4 Nb8c6
3.Ng1f3 Bc8g4
4.Nf3e5 Nc6xe5
5.fxe5 e6
6.h3 Qd8h4
7.Kd2 Bg4f5
8.e3 c5
9.c3 cxd4
10.cxd4 Bf8b4
11.Nb1c3 Ng8h6
12.Qd1a4 Kd8
13.Qa4xb4 Qh4e7
14.Qb4xe7 Kxe7
15.Bf1e2 Bf5g6
16.g4 Rh8c8
17.b3 Nh6g8
18.Bc1a3 Ke8
19.Nc3b5 Rc8c2
20.Ke1 Kd7
21.Kf2 a6
22.Nb5d6 Ra8b8
23.Rh1c1 Ng8h6
24.Rc1xc2 Bg6xc2
25.Ra1c1 Bc2g6
26.Kg3 Nh6g8
27.h4 f5
28.h5 Bg6e8
29.gxf5 Ng8e7
30.fxe6 Kxe6
31.Be2g4 { resign }
1-0

[Event "Tourn. n9073"]
[Site "www.chess-mail.com"]
[Date "2017.01.28"]
[Round "1"]
[White "Lachouette"]
[Black "Madz123456"]
[WhiteElo "1489"]
[BlackElo "1420"]
[Result "1-0"]
[Round "1"]
1.Nb1c3 d5
2.d4 c6
3.Bc1f4 Bc8f5
4.Bf4xb8 Ra8xb8
5.e3 Ng8f6
6.Bf1d3 e6
7.Qd1d2 Qd8b6
8.Bd3xf5 exf5
9.Ng1f3 Qb6xb2
10.O-O Qb2b6
11.Nc3a4 Qb6c7
12.Nf3e5 Bf8d6
13.f4 Nf6e4
14.Qd2d3 O-O
15.Na4c5 Ne4xc5
16.dxc5 Bd6xc5
17.Qd3xf5 Bc5xe3
18.Kh1 Be3d4
19.Ra1e1 Rf8e8
20.Ne5f3 Bd4c3
21.Re1xe8 Rb8xe8
22.Nf3g5 h6
23.Qf5h7 Kf8
24.Qh7h8 Ke7
25.Qh8h7 hxg5
26.Rf1f3 Kd8
27.h3 Re8e1
28.Kh2 Bc3d2
29.Qh7g8 Ke7
30.Kg3 Bd2xf4
31.Kf2 Qc7e5
32.g3  { time }
1-0

[Event "Tourn. n9143"]
[Site "www.chess-mail.com"]
[Date "2017.01.28"]
[Round "1"]
[White "Bojan"]
[Black "Hundegana"]
[WhiteElo "2040"]
[BlackElo "2010"]
[Result "0-1"]
[Round "1"]
1.e4 c5
2.Bf1c4 e6
3.Ng1f3 d6
4.d4 Qd8c7
5.Bc1e3 g6
6.d5 Bf8g7
7.c3 a6
8.Nb1a3 Ng8f6
9.Be3g5 Nf6xe4
10.Bg5h4 O-O
11.Qd1d3 Ne4f6
12.Nf3d2 exd5
13.Bc4xd5 Nf6xd5
14.Qd3xd5 Rf8e8
15.Kd1 Bc8e6
16.Qd5f3 Qc7d7
17.h3 Ra8a7
18.Rh1e1 Qd7a4
19.Kc1 Qa4xh4
20.Re1e4 Qh4f6
21.Qf3d3 Re8d8
22.Re4e3 Qf6xf2
23.Kc2 Be6f5
24.Re3e4 Bf5xe4
25.Qd3xe4 Qf2f5
26.Qe4xf5 gxf5
27.Ra1f1 Rd8e8
28.Kd3 Nb8d7
29.Rf1xf5 f6
30.Na3c4 Nd7e5
31.Kc2 Ne5xc4
32.Nd2xc4 Re8e2
33.Kb3 b5
34.Nc4xd6 c4
35.Ka3 Re2xg2
36.h4 Rg2d2
37.Nd6e4 Bg7f8
38.b4 cxb3
39.Kxb3 Rd2h2
40.Ne4xf6 Kg7
41.Nf6e8 Kg8
42.Ne8f6 Kh8
43.Nf6g4 Bf8d6
44.Rf5d5 Rh2xh4
45.Ng4e3 Bd6f8
46.Rd5d8 Rh4f4
47.Ne3d5 Rf4f2
48.Nd5b4 a5
49.Nb4c6 a4
{ resign }
0-1

[Event "Match"]
[Site "www.echecsemail.com"]
[Date "2017.01.28"]
[Round "1"]
[White "Comrade"]
[Black "Arbiflex"]
[WhiteElo "2250"]
[BlackElo "2109"]
[Result "0-1"]
[Round "1"]
1.c4 e6
2.Nb1c3 Ng8e7
3.d4 g6
4.Bc1g5 Bf8g7
5.Nc3e4 d6
6.Ne4f6 Kf8
7.Nf6e4 h6
8.Bg5f6 Bg7xf6
9.Ne4xf6 Kg7
10.Nf6e4 d5
11.cxd5 exd5
12.Ne4c3 a6
13.Ng1f3 Nb8c6
14.e3 Bc8g4
15.Bf1e2 Rh8e8
16.h3 Bg4xf3
17.Be2xf3 Qd8d6
18.O-O Nc6d8
19.Qd1c2 c6
20.Nc3a4 Nd8e6
21.Ra1c1 Ne6g5
22.Bf3e2 Ne7f5
23.Na4c5 b6
24.Nc5d3 Re8xe3
25.fxe3 Ng5xh3
26.gxh3 Qd6g3
27.Kh1 Qg3xh3
28.Kg1 Nf5xe3
29.Nd3f4 Qh3g3
30.Kh1 Ne3xc2
31.Rc1xc2 Qg3h4
32.Kg1 Ra8e8
33.Rf1f2 Re8e4
34.Nf4g2 Qh4e7
35.Be2xa6 Qe7d7
36.Rf2f3 Re4xd4
37.Rf3c3 Rd4d1
38.Ba6f1 d4
39.Rc3xc6 d3
40.Rc2c1 Rd1xf1
41.Kxf1 d2
{ resign }
0-1

[Event "Match"]
[Site "www.echecsemail.com"]
[Date "2017.01.28"]
[Round "1"]
[White "Pellix84"]
[Black "Yaw1"]
[WhiteElo "2100"]
[BlackElo "1809"]
[Result "0-1"]
[Round "1"]
1.d4 c5
2.d5 g6
3.e4 Bf8g7
4.Ng1f3 Qd8b6
5.c3 Ng8f6
6.Bf1e2 Nf6xe4
7.O-O Ne4d6
8.Rf1e1 O-O
9.Nb1d2 e5
10.Nd2c4 Nd6xc4
11.Be2xc4 d6
12.Bc4b3 Bc8g4
13.Bc1g5 f6
14.Bg5e3 e4
15.h3 Bg4h5
16.g4 Bh5xg4
17.hxg4 exf3
18.Qd1xf3 Nb8d7
19.Kg2 Nd7e5
20.Qf3h3 g5
21.Re1h1 h6
22.f4 Ne5d3
23.fxg5 fxg5
24.Ra1f1 Nd3xb2
25.Rf1f5 Rf8xf5
26.gxf5 Qb6d8
27.Rh1f1 Qd8f6
28.c4 Ra8e8
29.Be3c1 Qf6d4
30.f6 Re8e2
31.Kh1 Qd4e4
32.Kg1 Qe4d4
33.Kh1 Bg7f8
34.f7 Kg7
35.Qh3f3 Qd4h4
{ resign }
0-1

[Event "Match"]
[Site "www.echecsemail.com"]
[Date "2017.01.28"]
[Round "1"]
[White "Forest"]
[Black "Albertf"]
[WhiteElo "1760"]
[BlackElo "1790"]
[Result "1-0"]
[Round "1"]
1.Ng1f3 Nb8c6
2.e4 e5
3.Bf1b5 Ng8f6
4.d3 Bf8c5
5.O-O O-O
6.Qd1e2 Nc6d4
7.Nf3xd4 Bc5xd4
8.c3 Bd4b6
9.Bc1e3 c6
10.Bb5a4 d5
11.exd5 Nf6xd5
12.Nb1d2 Nd5xe3
13.fxe3 Qd8d7
14.d4 Rf8e8
15.Ba4b3 Kh8
16.Qe2f2 f6
17.Nd2c4 Bb6c7
18.Ra1d1 Qd7e7
19.dxe5 Bc7xe5
20.Nc4xe5 Qe7xe5
21.Rf1e1 Bc8g4
22.Rd1d4 Ra8d8
23.h3 Bg4c8
24.Re1d1 h6
25.Rd4xd8 { resign }
1-0

[Event "Match"]
[Site "www.echecsemail.com"]
[Date "2017.01.28"]
[Round "1"]
[White "Ozana"]
[Black "Hundegana"]
[WhiteElo "2010"]
[BlackElo "2000"]
[Result "1-0"]
[Round "1"]
1.Ng1f3 f6
2.e4 e6
3.d4 c6
4.c4 Ng8e7
5.Nb1c3 g6
6.Bf1e2 Bf8g7
7.O-O O-O
8.Bc1e3 g5
9.h3 h6
10.d5 e5
11.d6 Ne7g6
12.g3 Rf8f7
13.Nf3d2 b6
14.Be2h5 Kh7
15.b4 f5
16.exf5 Rf7xf5
17.Bh5xg6 Kxg6
18.Qd1c2 Kf6
19.g4 Rf5f4
20.Be3xf4 Kf7
21.Bf4xe5 Bg7xe5
22.Qc2h7 Be5g7
23.Ra1e1 Qd8f6
24.Re1e7 Kf8
25.Nd2e4 Qf6d4
26.Qh7g6 Qd4xe4
27.Qg6f7 
1-0

[Event "Match"]
[Site "www.echecsemail.com"]
[Date "2017.01.28"]
[Round "1"]
[White "Cal"]
[Black "Balbyns"]
[WhiteElo "1480"]
[BlackElo "1199"]
[Result "1/2-1/2"]
[Round "1"]
1.c4 e5
2.e4 d6
3.Nb1c3 Ng8f6
4.h3 Nb8c6
5.Ng1f3 g6
6.d3 Bf8g7
7.Bf1e2 O-O
8.a3 Rf8e8
9.O-O b6
10.Bc1g5 Bc8b7
11.Nc3d5 Re8e6
12.b4 h6
13.Bg5xf6 Bg7xf6
14.b5 Nc6e7
15.Nd5xf6 Re6xf6
16.Qd1d2 c6
17.bxc6 Bb7xc6
18.Nf3h2 g5
19.Be2h5 Ne7g6
20.Nh2g4 Ng6f4
21.Ng4xf6 Qd8xf6
22.Bh5g4 h5
23.Bg4f5 Nf4g6
24.Qd2e2 Ng6e7
25.Qe2xh5 Ne7xf5
26.exf5 Qf6xf5
27.Ra1d1 Kg7
28.d4 f6
29.d5 Ra8h8
30.Qh5g4 Qf5xg4
31.hxg4 Bc6a4
32.Rd1b1 Ba4d7
33.a4 Bd7xg4
34.f3 Bg4f5
35.Rb1b3 Rh8h4
36.g4 Bf5c2
37.Rb3a3 e4
38.fxe4 Rh4xg4
39.Kh2 Rg4xe4
40.a5 Re4xc4
41.axb6 Rc4h4
42.Kg3 axb6
43.Rf1f2 Bc2e4
44.Ra3a7 Kg6
45.Ra7b7 Be4xd5
46.Rb7xb6 Kh5
47.Rf2xf6 g4
48.Rb6xd6 Rh4h3
49.Kf2 g3
50.Ke2 Bd5c4
51.Kf3 Kg5
52.Rf6g6 Kf5
53.Rg6f6 Ke5
54.Kg2 Rh3h4
55.Kxg3 Rh4d4
56.Rd6c6 Rd4d3
{ draw }
1/2-1/2

[Event "Match"]
[Site "www.echecsemail.com"]
[Date "2017.01.28"]
[Round "1"]
[White "Menace"]
[Black "Markos123"]
[WhiteElo "2300"]
[BlackElo "1830"]
[Result "1-0"]
[Round "1"]
1.e4 a6
2.d4 e5
3.dxe5 Nb8c6
4.Ng1f3 d6
5.Nb1c3 Bc8e6
6.exd6 Bf8xd6
7.Bf1d3 f6
8.O-O Bd6e5
9.Bc1d2 Be6g4
10.h3 Bg4xf3
11.Qd1xf3 g6
12.Ra1e1 Nc6d4
13.Qf3e3 c6
14.Nc3e2 Qd8d7
15.Ne2xd4 Be5xd4
16.Qe3g3 Bd4e5
17.Bd2f4 O-O-O
18.Bf4xe5 Qd7e6
19.Be5c3 Ng8h6
20.Qg3f4 g5
21.Qf4xf6 Qe6xf6
22.Bc3xf6 Rh8f8
23.Bf6xd8 Rf8xd8
24.e5 Rd8e8
25.Bd3xh7 Kc7
26.f4 Nh6f7
27.Bh7g6 Re8f8
28.Bg6xf7 Rf8xf7
29.fxg5 Rf7g7
30.h4 Kd7
31.e6 Ke7
32.Rf1f7 Rg7xf7
33.exf7 Kxf7
34.h5 b5
35.Re1f1 Ke7
36.Rf1f6 Kd7
37.h6 Kc7
38.h7 { resign }
1-0

[Event "Match"]
[Site "www.echecsemail.com"]
[Date "2017.01.28"]
[Round "1"]
[White "Jobeye"]
[Black "Fred"]
[WhiteElo "2010"]
[BlackElo "2020"]
[Result "0-1"]
[Round "1"]
1.Nb1c3 e5
2.g3 d5
3.Bf1g2 e4
4.d3 f5
5.dxe4 fxe4
6.Bg2xe4 d4
7.Nc3d5 c5
8.Bc1g5 Bf8e7
9.Bg5f4 Nb8a6
10.e3 Ng8f6
11.Nd5xf6 Be7xf6
12.Qd1h5 g6
13.Be4xg6 hxg6
14.Qh5xg6 Ke7
15.Qg6e4 Bc8e6
16.Qe4xb7 Na6c7
17.Qb7xc7 Qd8xc7
18.Bf4xc7 dxe3
19.fxe3 Be6d5
20.O-O-O Bd5xh1
21.Ng1h3 Bh1e4
22.Nh3f2 Be4f3
23.Rd1d3 Rh8xh2
24.Nf2d1 c4
25.Rd3d2 Rh2h1
26.c3 Ra8c8
27.Bc7d6 Ke6
28.Bd6f4 Rc8d8
29.Rd2xd8 Bf6xd8
30.b3 cxb3
31.axb3 Rh1xd1
32.Kc2 Kf5
33.b4 Bd8g5
34.Bf4xg5 Kxg5
35.c4 Kg4
36.c5 Kxg3
37.e4 Rd1d4
38.Kc3 Rd4xe4
39.Kb3 Re4e6
 { time }
0-1

[Event "Match"]
[Site "www.echecsemail.com"]
[Date "2017.01.28"]
[Round "1"]
[White "Jobeye"]
[Black "Paco"]
[WhiteElo "2010"]
[BlackElo "1880"]
[Result "0-1"]
[Round "1"]
1.d3 d5
2.Ng1f3 Ng8f6
3.Bc1f4 Nb8c6
4.e3 Bc8g4
5.h3 Bg4xf3
6.Qd1xf3 Nc6b4
7.Nb1a3 Qd8d7
8.Bf1e2 Qd7c6
9.c3 Nb4a6
10.O-O e6
 { time }
0-1

[Event "1/128 Finale"]
[Site "www.chess-mail.com"]
[Date "2017.01.28"]
[Round "1"]
[White "Emmanuel69"]
[Black "Attatroll"]
[WhiteElo "1860"]
[BlackElo "1950"]
[Result "1/2-1/2"]
[Round "1"]
1.c4 e5
2.Nb1c3 Ng8f6
3.a3 Bf8c5
4.d3 O-O
5.g3 Nb8c6
6.Bf1g2 d6
7.Ng1f3 Bc8e6
8.O-O d5
9.cxd5 Nf6xd5
10.Nc3xd5 Be6xd5
11.e4 Bd5e6
12.Qd1c2 Qd8e7
13.Rf1e1 Nc6d4
14.Nf3xd4 Bc5xd4
15.Bc1e3 c5
16.Ra1c1 Ra8c8
17.Qc2d2 Rf8d8
18.Be3xd4 cxd4
19.Qd2a5 f6
20.Qa5xa7 Kf7
21.h3 b5
22.Qa7xe7 Kxe7
23.f4 Kd7
24.f5 Be6f7
25.Kf2 Rc8xc1
26.Re1xc1 Rd8c8
27.Rc1xc8 Kxc8
28.Ke2 Kb7
29.Kd2 Kb6
30.Kc2 Ka5
31.b3 h6
32.g4 Bf7e8
33.Bg2f1 Be8f7
34.Bf1e2 Bf7g8
35.h4 Bg8f7
36.h5 Bf7e8
37.Kb2 Be8f7
38.Be2d1 Bf7g8
39.a4 b4
40.Kc2 { draw }
1/2-1/2

[Event "1/64 Finale"]
[Site "www.chess-mail.com"]
[Date "2017.01.28"]
[Round "1"]
[White "Genius7"]
[Black "Jobeye"]
[WhiteElo "1890"]
[BlackElo "1970"]
[Result "1-0"]
[Round "1"]
1.d4 c5
2.dxc5 Qd8a5
3.c3 e5
4.b4 Qa5a6
5.e4 Qa6c6
6.Bf1d3 Bf8e7
7.Ng1f3 Ng8f6
8.Nf3xe5  { time }
1-0

[Event "Tourn. n9227"]
[Site "www.chess-mail.com"]
[Date "2017.01.29"]
[Round "1"]
[White "Norlavuaram"]
[Black "Yaw1"]
[WhiteElo "2160"]
[BlackElo "2149"]
[Result "1-0"]
[Round "1"]
1.e4 c6
2.d4 e5
3.dxe5 Bf8c5
4.Ng1f3 Qd8b6
5.Qd1e2 Qb6a5
6.Nb1c3 b5
7.Bc1d2 Bc8a6
8.Qe2d1 Qa5b6
9.Bd2e3 Bc5xe3
10.fxe3 Qb6xe3
11.Qd1e2 Qe3f4
12.Qe2d2 Qf4g4
13.O-O-O b4
14.Bf1xa6 bxc3
15.Qd2d3 cxb2
16.Kb1 Nb8xa6
17.Qd3xa6 Qg4xg2
18.Qa6b7 Ra8d8
19.Rh1f1 Ng8e7
20.e6 fxe6
21.Nf3e5 Qg2xe4
22.Ne5f7 O-O
23.Nf7xd8 Rf8xd8
24.Rd1xd7 Rd8xd7
25.Qb7xd7 Ne7f5
26.Qd7e8 
1-0

[Event "Tourn. n9139"]
[Site "www.chess-mail.com"]
[Date "2017.01.29"]
[Round "1"]
[White "Hundegana"]
[Black "Jobeye"]
[WhiteElo "2010"]
[BlackElo "1990"]
[Result "1-0"]
[Round "1"]
1.d4 f5
2.f4 c5
3.dxc5 Qd8a5
4.c3 Qa5xc5
5.Ng1f3 Nb8c6
6.e3 d5
7.b4 Qc5b6
8.Nf3d4 Ng8f6
9.Bf1e2 Nc6xd4
10.exd4 Qb6e6
11.O-O Nf6e4
12.Be2f3 Bc8d7
13.Rf1e1 Bd7b5
14.a4 Bb5c4
15.Bf3xe4 dxe4
16.Ra1a3 Qe6d5
17.Bc1e3 Bc4d3
18.Nb1d2 e6
19.Qd1c1 Bf8d6
20.g3 O-O
21.c4 Qd5c6
22.c5 Bd6c7
23.Nd2c4  { time }
1-0

[Event "Tourn. n9055"]
[Site "www.chess-mail.com"]
[Date "2017.01.29"]
[Round "1"]
[White "Loper10"]
[Black "Seger"]
[WhiteElo "2680"]
[BlackElo "2800"]
[Result "1/2-1/2"]
[Round "1"]
1.e4 e5
2.Nb1c3 Ng8f6
3.Bf1c4 Bf8c5
4.d3 a5
5.Ng1f3 d6
6.Nc3e2 c6
7.c3 a4
8.d4 Bc5b6
9.O-O O-O
10.dxe5 Nf6xe4
11.exd6 Qd8xd6
12.Ne2d4 Bc8g4
13.Qd1c2 Ne4f6
14.h3 Bg4h5
15.Nd4f5 Qd6c5
16.Bc4e2 Nb8d7
17.Bc1e3 Qc5a5
18.Be3xb6 Qa5xb6
19.Ra1d1 Rf8e8
20.Rf1e1 Nd7c5
21.Be2c4 Qb6c7
22.Qc2c1 b5
23.Bc4e2 h6
24.Nf3d4 Bh5xe2
25.Re1xe2 Re8xe2
26.Nd4xe2 Ra8e8
27.Ne2d4 Nc5e6
28.Nd4xe6 Re8xe6
29.Nf5d4 Re6e8
30.a3 Re8d8
31.Rd1e1 Qc7d6
32.Nd4f3 Rd8e8
33.Re1xe8 Nf6xe8
34.Qc1e3 Ne8c7
35.Qe3e5 Qd6d1
36.Kh2 Qd1d7
37.Qe5d4 Qd7e7
38.Qd4d3 Nc7e6
39.g3 Ne6g5
40.Nf3d4 Qe7d7
{ draw }
1/2-1/2

[Event "Tourn. n9032"]
[Site "www.chess-mail.com"]
[Date "2017.01.29"]
[Round "1"]
[White "Szustan"]
[Black "Bronstein70"]
[WhiteElo "2650"]
[BlackElo "2360"]
[Result "1/2-1/2"]
[Round "1"]
1.e4 e5
2.Ng1f3 Nb8c6
3.Nb1c3 Ng8f6
4.d4 exd4
5.Nc3d5 Nc6b4
6.Nd5xf6 Qd8xf6
7.Bf1c4 Bf8c5
8.O-O d6
9.e5 dxe5
10.c3 dxc3
11.Bc1g5 c2
12.Qd1e2 Qf6f5
13.a3 Nb4c6
14.Bc4d3 Nc6d4
15.Nf3xd4 Qf5xg5
16.Nd4f3 Qg5h5
17.Bd3xc2 O-O
18.Ra1e1 Bc5d6
19.Nf3xe5 Qh5xe5
20.Qe2xe5 Bd6xe5
21.Re1xe5 Bc8e6
22.b4 Ra8d8
23.b5 Rf8e8
24.Re5c5 Re8e7
25.f3 b6
26.Rc5c3 g6
27.Bc2e4 Be6c8
28.Rf1c1 f5
29.Be4c6 a6
30.a4 a5
31.f4 Bc8e6
32.Bc6f3 Rd8d7
33.g3 Kf7
34.Kf2 Kf6
35.h4 h6
36.Rc1d1 Rd7xd1
37.Bf3xd1 g5
38.Rc3c6 gxf4
39.gxf4 Kg7
40.Rc6c3 Be6f7
41.Kg3 Re7d7
42.Bd1c2 Bf7e6
43.h5 Kf8
44.Rc3c6 Rd7e7
45.Kh4 { draw }
1/2-1/2

[Event "Tourn. n9170"]
[Site "www.chess-mail.com"]
[Date "2017.01.29"]
[Round "1"]
[White "Gimmyg"]
[Black "Hippomoomoo"]
[WhiteElo "2530"]
[BlackElo "2330"]
[Result "1-0"]
[Round "1"]
1.Ng1f3 g6
2.g3 Bf8g7
3.Bf1g2 c5
4.c4 Nb8c6
5.O-O Ng8f6
6.d3 O-O
7.Nb1c3 a6
8.Bc1f4 d6
9.Qd1d2 Ra8b8
10.Bf4h6 b5
11.Bh6xg7 Kxg7
12.b3 b4
13.Nc3d5 e6
14.Nd5xf6 Qd8xf6
15.Nf3g5 Bc8d7
16.f4 h6
17.Ng5e4 Qf6e7
18.Qd2b2 f6
19.e3 a5
20.d4 cxd4
21.exd4 e5
22.dxe5 dxe5
23.c5 exf4
24.gxf4 Rf8d8
25.Rf1e1 Qe7e6
26.Ra1d1 Bd7c8
27.Rd1xd8 Nc6xd8
28.Qb2f2 Qe6g4
29.Ne4d6 Nd8e6
30.c6 Ne6xf4
31.Kh1 Qg4xg2
32.Qf2xg2 Nf4xg2
33.Re1e7 Kg8
34.Re7e8 Kh7
35.c7 Rb8b6
36.Nd6xc8 Rb6c6
37.Re8e7 Kg8
38.Kxg2 Kf8
39.Re7h7 Rc6c2
40.Kg3 Rc2c3
41.Kf4 Rc3c5
42.Nc8d6 Kg8
43.Rh7d7 g5
44.Kg4 h5
45.Kxh5 Kf8
46.Kg6 g4
47.Nd6f5 Rc5e5
48.c8Q Re5e8
49.Rd7f7 { resign }
1-0

[Event "Tourn. n9218"]
[Site "www.chess-mail.com"]
[Date "2017.01.29"]
[Round "1"]
[White "Bojan"]
[Black "Ssharp"]
[WhiteElo "2070"]
[BlackElo "2170"]
[Result "0-1"]
[Round "1"]
1.e4 d5
2.exd5 Ng8f6
3.c4 e6
4.Qd1e2 Bf8c5
5.dxe6 Bc8xe6
6.Qe2d1 O-O
7.Qd1c2 Qd8d4
8.d3 Nf6g4
9.Bc1e3 Ng4xe3
10.fxe3 Qd4xe3
11.Qc2e2 Qe3c1
12.Qe2d1 Bc5f2
13.Ke2 Be6g4
{ resign }
0-1

[Event "Tourn. n9158"]
[Site "www.chess-mail.com"]
[Date "2017.01.29"]
[Round "1"]
[White "Autmich"]
[Black "Winston"]
[WhiteElo "1680"]
[BlackElo "1650"]
[Result "1-0"]
[Round "1"]
1.e4 e6
2.d4 d5
3.Nb1c3 c5
4.Ng1f3 Nb8c6
5.Bc1e3 cxd4
6.Nf3xd4 Bf8c5
7.Nd4xc6 bxc6
8.Be3xc5 Qd8a5
9.b4 Qa5c7
10.exd5 cxd5
11.Bf1b5 Bc8d7
12.Bb5xd7 Kxd7
13.O-O Ng8e7
14.Nc3b5 Qc7c6
15.a4 a6
16.Nb5d4 Qc6c7
17.Qd1g4 Ne7g6
18.Ra1c1 a5
19.Nd4b5 Qc7c6
20.c4 axb4
21.cxd5 { resign }
1-0

[Event "Tourn. n9095"]
[Site "www.chess-mail.com"]
[Date "2017.01.29"]
[Round "1"]
[White "Falcoale"]
[Black "Piriot"]
[WhiteElo "1900"]
[BlackElo "1879"]
[Result "0-1"]
[Round "1"]
1.e4 e5
2.Ng1f3 Ng8f6
3.Nf3xe5 d6
4.Ne5f3 Nf6xe4
5.Bf1d3 Ne4f6
6.O-O Bf8e7
7.b3 O-O
8.Bc1b2 Bc8g4
9.h3 Bg4h5
10.Bd3e2 Rf8e8
11.Nb1c3 d5
12.d3 c5
13.Rf1e1 Nb8c6
14.Qd1c1 d4
15.Nc3d1 Be7d6
16.Kf1 Nf6d5
17.c4 Nd5f4
18.Nf3g1 Bh5xe2
19.Ng1xe2 Nf4xd3
20.Qc1c2 Nc6b4
21.Qc2b1 Nd3xe1
22.Kxe1 d3
23.Nd1c3 Bd6e5
24.Kf1 dxe2
25.Nc3xe2 Qd8e7
26.Bb2xe5 Qe7xe5
27.Ne2g3 Ra8d8
28.a3 Nb4d3
29.Kg1 Qe5xa1
{ resign }
0-1

[Event "Tourn. n9106"]
[Site "www.chess-mail.com"]
[Date "2017.01.29"]
[Round "1"]
[White "Lachouette"]
[Black "Genius3"]
[WhiteElo "1670"]
[BlackElo "1840"]
[Result "0-1"]
[Round "1"]
1.e4 c5
2.Bf1c4 e6
3.d3 d6
4.Qd1e2 Nb8c6
5.Bc4b5 Bc8d7
6.Bb5xc6 Bd7xc6
7.Bc1e3 Ng8f6
8.Nb1c3 Bf8e7
9.f3 O-O
10.O-O-O b5
11.Nc3b1 a5
12.Qe2f2 a4
13.Ng1e2 b4
14.c4 bxc3
15.Nb1xc3 Qd8a5
16.g4 a3
17.b3 d5
18.exd5 Nf6xd5
 { time }
0-1

[Event "Tourn. n9116"]
[Site "www.chess-mail.com"]
[Date "2017.01.29"]
[Round "1"]
[White "Jazzy"]
[Black "Kampungboy"]
[WhiteElo "2360"]
[BlackElo "2630"]
[Result "0-1"]
[Round "1"]
1.d4 d5
2.g3 g6
3.Bc1d2 Bf8g7
4.Bf1g2 Ng8f6
5.Qd1c1 h5
6.Ng1f3 Nb8c6
7.c3 Bc8g4
8.Bd2f4 Bg4xf3
9.Bg2xf3 O-O
10.Bf4h6 e5
11.O-O e4
12.Bf3g2 Bg7xh6
13.Qc1xh6 Nf6g4
14.Qh6f4 f5
15.h3 Ng4f6
16.Nb1a3 Kh7
17.Na3b5 Ra8c8
18.Rf1d1 a6
19.Nb5a3 Qd8e7
20.Na3c2 Nc6d8
21.Qf4d2 Nd8e6
22.Ra1c1 h4
23.gxh4 Nf6h5
24.c4 Qe7xh4
25.Nc2e3 f4
26.Ne3g4 Ne6g5
27.f3 Ng5xh3
28.Bg2xh3 Qh4xh3
29.Ng4f2 Qh3g3
30.Kf1 e3
{ resign }
0-1

[Event "Tourn. n9142"]
[Site "www.chess-mail.com"]
[Date "2017.01.29"]
[Round "1"]
[White "Woadman62"]
[Black "Jazzy"]
[WhiteElo "2620"]
[BlackElo "2399"]
[Result "1-0"]
[Round "1"]
1.e4 g6
2.d4 d6
3.Nb1c3 Bf8g7
4.Bc1e3 Ng8f6
5.Qd1d2 Nf6g4
6.Be3g5 h6
7.Bg5h4 Nb8c6
8.f3 Ng4f6
9.O-O-O O-O
10.Ng1e2 d5
11.e5 Nf6h7
12.Bh4f2 h5
13.Ne2f4 e6
14.h4 Bc8d7
15.Rh1g1 a5
16.g4 hxg4
17.Rg1xg4 a4
18.Bf1d3 Nc6e7
19.Rd1g1 Ne7f5
20.Nf4xg6 Bg7h6
21.Ng6xf8 Kxf8
22.Rg4g8 Ke7
23.Qd2xh6 { resign }
1-0

[Event "Tourn. n9150"]
[Site "www.chess-mail.com"]
[Date "2017.01.29"]
[Round "1"]
[White "Sachpat"]
[Black "Drawlward"]
[WhiteElo "2580"]
[BlackElo "2580"]
[Result "1-0"]
[Round "1"]
1.e4 c5
2.Ng1f3 Nb8c6
3.d4 cxd4
4.Nf3xd4 Ng8f6
5.Nb1c3 e5
6.Nd4b5 d6
7.Bc1g5 a6
8.Nb5a3 b5
9.Nc3d5 Bf8e7
10.Bg5xf6 Be7xf6
11.c3 O-O
12.Na3c2 Ra8b8
13.Bf1e2 Bf6g5
14.O-O Bc8e6
15.Qd1d3 a5
16.Rf1d1  { time }
1-0

[Event "Tourn. n9071"]
[Site "www.chess-mail.com"]
[Date "2017.01.29"]
[Round "1"]
[White "Sinergia"]
[Black "Roque1"]
[WhiteElo "1940"]
[BlackElo "1800"]
[Result "0-1"]
[Round "1"]
1.d4 d5
2.c4 e6
3.Nb1c3 Bf8b4
4.Ng1f3 Nb8c6
5.e3 Ng8f6
6.Qd1c2 O-O
7.a3 Bb4a5
8.b4 Ba5b6
9.c5 Bb6xc5
10.dxc5 Bc8d7
11.Bf1d3 b6
12.cxb6 axb6
13.O-O Nc6e7
14.Nc3b5 c6
15.Nb5d4 Qd8c7
16.Bc1b2 e5
17.Nd4xc6 Ne7xc6
18.b5 e4
19.bxc6 exd3
20.Qc2xd3 Qc7xc6
21.Nf3g5 Ra8a4
22.Bb2xf6 g6
23.e4 Qc6xf6
24.Qd3xd5 Ra4d4
25.e5 Rd4xd5
26.exf6 Rd5xg5
{ resign }
0-1

[Event "Tourn. n9070"]
[Site "www.chess-mail.com"]
[Date "2017.01.29"]
[Round "1"]
[White "Aalekhine"]
[Black "Manuelito"]
[WhiteElo "1870"]
[BlackElo "1730"]
[Result "1/2-1/2"]
[Round "1"]
1.e4 e5
2.Ng1f3 d6
3.d4 f6
4.dxe5 fxe5
5.Bf1c4 h6
6.Nb1c3 Ng8f6
7.O-O Nb8c6
8.Rf1e1 Bc8d7
9.a3 Bf8e7
10.Nc3d5 Nf6xd5
11.Bc4xd5 Be7f6
12.c4 Nc6e7
13.b4 Bd7c6
14.Bd5xc6 bxc6
15.Bc1b2 O-O
16.Ra1c1 Ra8b8
17.c5 a5
18.cxd6 cxd6
19.Bb2c3 axb4
20.axb4 Qd8d7
21.Bc3xe5 Bf6xe5
22.Nf3xe5 Qd7c7
23.Ne5d3 Rf8f7
24.Qd1b3 Qc7d7
25.e5 dxe5
26.Nd3xe5 Qd7f5
27.Ne5xf7 Qf5xf7
28.Qb3xf7 Kxf7
29.Re1xe7 Kxe7
30.Rc1xc6 Rb8xb4
31.g3 Rb4e4
32.Kg2 Re4e6
33.Rc6xe6 Kxe6
34.h4 Kf5
35.f3 g5
36.hxg5 hxg5
37.Kf2 g4
38.fxg4 Kxg4
39.Kg2 Kg5
40.Kf3 Kf5
41.g4 Kg5
42.Kg3 Kg6
43.Kf4 Kf6
44.g5 Kg6
45.Kg4 Kg7
46.Kf4 Kg6
47.Kg4 { draw }
1/2-1/2

[Event "Tourn. n9181"]
[Site "www.chess-mail.com"]
[Date "2017.01.29"]
[Round "1"]
[White "Llcervello"]
[Black "Caspito"]
[WhiteElo "1600"]
[BlackElo "1860"]
[Result "0-1"]
[Round "1"]
1.d4 g6
2.c3 Bf8g7
3.e4 d6
4.f3 b6
5.g4 e5
6.h4 Bc8b7
7.d5 Nb8d7
8.Bf1b5 Qd8e7
9.g5 f6
10.Ng1h3 h6
11.Bb5xd7 Qe7xd7
12.Bc1e3 hxg5
13.hxg5 O-O-O
14.Ke2 f5
15.Qd1f1 Bb7a6
16.Kf2 Ba6xf1
17.Kxf1 Qd7b5
18.Kg2 Qb5xb2
19.Nb1d2 Qb2xc3
20.Rh1e1 f4
21.Ra1c1 Qc3a5
22.Nd2c4 Qa5xa2
23.Be3d2 b5
24.Rc1a1 Qa2xc4
25.Ra1xa7 Qc4d4
26.Re1a1 Qd4xd2
27.Nh3f2 Rh8h5
28.Ra7a8 Kd7
29.Ra1a2 Rh5xg5
30.Kf1 Qd2c1
31.Ke2 Rg5g1
32.Nf2d3 Qc1e3
{ resign }
0-1